Estatísticas para Países Mais Ricos por Renda Per Capita

Clique aqui para jogar o quiz

Estatísticas Gerais

  • Esse quiz foi jogado 8 003 vezes
    (5 531 desde o último reset)
  • A pontuação média é 12 de 21

Estatísticas das Respostas

RendaPaís% Correto
$76,000Estados Unidos
95%
$63,300Alemanha
81%
$84,700Suíça
80%
$77,800Noruega
79%
$61,900Austrália
69%
$69,300Dinamarca
67%
$203,000Mônaco
65%
$78,300Emirados Árabes Unidos
64%
$141,000Luxemburgo
63%
$113,000Catar
61%
$68,600Países Baixos
58%
$64,600Islândia
57%
$132,000Singapura
54%
$63,600Andorra
53%
$125,000Irlanda
52%
$70,100San Marino
49%
$134,000Liechtenstein
48%
$62,900Suécia
48%
$64,800Áustria
36%
$68,700Taiwan
35%
$75,000Brunei
27%

Distribuição das Pontuações

Percentil de Números Respondidos

Porcentagem de Pessoas com Cada Pontuação

Sua Pontuação Histórica

Você não jogou esse quiz desde o último reset